=LDR 00000nam 2200000 4500 =001 INLIS000000000810101 =005 20251016022636 =035 ##$$a 0010-1025000084 =008 251016###########################0#ind## =245 ##$$a Indahnya Ibadah haji /$c Syaikh Dr. Shalih Al-Fauzan =260 ##$:$b Qisthi Press =082 ##$$a 297.352 =084 ##$$a 297.352 SHA i